00220nam a22000857a 4500020001800000100001500018245005800033260003100091300001200122 a9780545374729 aAnne Zeman aEverything You Need To Know About Geography: Homework aNew YorkbScholasticc1997 a138 pgs